De cómo despidió Talca a Don José Ignacio Vergara

Guardat en:
Dades bibliogràfiques
Autor principal: Valenzuela, Raimundo del R (Autor)
Format: Llibre
Idioma:espanyol
Publicat: Santiago Imprenta Cervantes, Calle del Puente, número 15, D 1883
Edició:1a. ed
Matèries:
Etiquetes: Afegir etiqueta
Sense etiquetes, Sigues el primer a etiquetar aquest registre!

MARC

LEADER 00000nam a2200000 a 4500
001 UCJ5879
003 CL-VaPUC
008 070124e18830000CL |||||||||||||||||spa|d
082 0 4 |a 923  |b VER  |2 21 
100 0 |a Valenzuela, Raimundo del R  |e author  |9 511756 
245 1 0 |a De cómo despidió Talca a Don José Ignacio Vergara 
246 1 0 |a Por Raimundo del R. Valenzuela: Precedido de algunos apuntes biográficos 
250 |a 1a. ed 
300 |a 49 p 
942 |c BK 
945 |d 20070124 00:00:00  |a rinostro 
260 |a Santiago  |b Imprenta Cervantes, Calle del Puente, número 15, D  |c 1883 
600 0 7 |a VERGARA, JOSE IGNACIO  |2 CL-VaPUC  |9 511757 
650 7 |a BIOGRAFIA  |2 CL-VaPUC  |9 504622 
650 0 |a Gobierno   |9 255508 
650 0 |a Obras públicas  |9 261125 
650 0 |a Guerra del Pacífico  |9 314886 
650 0 |a Homenajes  |9 258192 
650 0 |a Historia de Chile  |9 265473 
651 0 |a Talca  |9 265150 
583 |a last modification  |c 20070124 00:00:00  |k Rodrigo Vera 
999 |c 321987  |d 321985 
952 |0 0  |1 0  |4 0  |6 923_000000000000000_VER_1883  |7 0  |8 X  |9 400889  |a FDOBUD  |b FDOBUD  |d 2019-11-22  |i 1041568  |o 923 VER 1883  |p 1041568  |r 2019-11-22  |w 2019-11-22  |y BK_X  |k BUD